<?xml version="1.0" encoding="UTF-8"?>
<record
    xmlns:xsi="http://www.w3.org/2001/XMLSchema-instance"
    xsi:schemaLocation="http://www.loc.gov/MARC21/slim http://www.loc.gov/standards/marcxml/schema/MARC21slim.xsd"
    xmlns="http://www.loc.gov/MARC21/slim">

  <leader>00558nam a2200169Ia 4500</leader>
  <controlfield tag="008">230718s9999    xx            000 0 und d</controlfield>
  <datafield tag="020" ind1=" " ind2=" ">
    <subfield code="a">9781983372445</subfield>
  </datafield>
  <datafield tag="041" ind1=" " ind2=" ">
    <subfield code="a">eng</subfield>
  </datafield>
  <datafield tag="082" ind1=" " ind2=" ">
    <subfield code="a">346.048'6</subfield>
    <subfield code="b">KAR</subfield>
  </datafield>
  <datafield tag="100" ind1=" " ind2=" ">
    <subfield code="a">Karhad P.</subfield>
    <subfield code="9">202798</subfield>
  </datafield>
  <datafield tag="245" ind1=" " ind2=" ">
    <subfield code="a">How To Patent An Idea In India</subfield>
    <subfield code="b">From Idea To Generated Patent In Quickest Time, Saving Costs And Making Money With Your Patented Invention</subfield>
  </datafield>
  <datafield tag="260" ind1=" " ind2=" ">
    <subfield code="c">2014</subfield>
    <subfield code="b">Karhad P.</subfield>
  </datafield>
  <datafield tag="300" ind1=" " ind2=" ">
    <subfield code="a">148</subfield>
  </datafield>
  <datafield tag="365" ind1=" " ind2=" ">
    <subfield code="c">Rs.</subfield>
    <subfield code="b">199.00</subfield>
  </datafield>
  <datafield tag="700" ind1=" " ind2=" ">
    <subfield code="a">Karhad P.</subfield>
    <subfield code="9">202798</subfield>
  </datafield>
  <datafield tag="906" ind1=" " ind2=" ">
    <subfield code="d">O:0747830-May-2022B:BOMS-56575MHBOM5-124</subfield>
    <subfield code="c">GENRL</subfield>
  </datafield>
  <datafield tag="999" ind1=" " ind2=" ">
    <subfield code="c">352481</subfield>
    <subfield code="d">352481</subfield>
  </datafield>
  <datafield tag="952" ind1=" " ind2=" ">
    <subfield code="0">0</subfield>
    <subfield code="1">0</subfield>
    <subfield code="4">0</subfield>
    <subfield code="7">0</subfield>
    <subfield code="a">CCEP</subfield>
    <subfield code="b">CCEP</subfield>
    <subfield code="d">2022-05-30</subfield>
    <subfield code="e">Amazon</subfield>
    <subfield code="f">GENRL</subfield>
    <subfield code="g">199.00</subfield>
    <subfield code="i">BOMS-56575MHBOM5-124</subfield>
    <subfield code="l">0</subfield>
    <subfield code="o">346.048'6</subfield>
    <subfield code="p">CCEP-BK-63692</subfield>
    <subfield code="r">2023-07-18 00:00:00</subfield>
    <subfield code="v">199.00</subfield>
    <subfield code="w">2023-07-18</subfield>
    <subfield code="y">BK</subfield>
    <subfield code="z">063692</subfield>
  </datafield>
</record>
